Disney Animals - Statistics

General Stats
  • This quiz has been taken 1,756 times
    1,712 since last reset
  • The average score is 13 of 18
Answer Stats
Hint Answer % Correct
Simba lion
96%
Dumbo elephant
95%
Bambi deer
94%
Abu monkey
90%
Sebastian crab
88%
Balu bear
87%
Raja Tiger
84%
Pongo dalmatian
81%
Mushu dragon
79%
Lucifer cat
75%
Thumper rabbit
75%
Shanzai, Banzai, Edd hyena
74%
Iago parrot
72%
Kaa snake
69%
Bagheera panther
64%
Kuzko llama
55%
Todd fox
43%
Jolly goat
11%
No matching quizzes found
Score Distribution
Percent of People with Each Score
Percentile by Number Answered
Your Score History
You have not taken this quiz since the last reset